عرض عادي
عرض مارك
- Dolenska, Sylva.
مدخل إسم شخص
001 - رقم الضبط
- حقل الضبط: 12830
003 - معرف رقم الضبط
- حقل الضبط: OSt
005 - تاريخ ووقت أخر عملية
- حقل الضبط: 20120509011822.0
008 - عناصر بيانات ثابتة الطول
- حقل تحكم ثابت الطول: 120509|||a|||||| | ||| d
040 ## - مصدر الفهرسة
- هيئة الفهرسة الأصلية: OSt
- وكالة الكتابة: OSt
100 ## - مدخل -- أسم شخص
- إسم شخص: Dolenska, Sylva.
670 ## - بيانات المصدر موجوده
- الاستشهاد بالمصدر: Work cat.: (OSt)23686: Dolenska, Sylva., Basic science for anaesthetists /, c2006.
